<?xml version="1.0" encoding="UTF-8"?>
<record
    xmlns:xsi="http://www.w3.org/2001/XMLSchema-instance"
    xsi:schemaLocation="http://www.loc.gov/MARC21/slim http://www.loc.gov/standards/marcxml/schema/MARC21slim.xsd"
    xmlns="http://www.loc.gov/MARC21/slim">

  <leader>03927    a2200229   4500</leader>
  <controlfield tag="001">45041</controlfield>
  <controlfield tag="005">20260407155725.0</controlfield>
  <controlfield tag="008">260407a2011    arg                 spa d</controlfield>
  <controlfield tag="003">AR-UNSa-BCEJYS</controlfield>
  <datafield tag="040" ind1=" " ind2=" ">
    <subfield code="a">AR-UNSa-BCEJYS</subfield>
    <subfield code="b">spa</subfield>
    <subfield code="c">AR-UNSa-BCEJYS</subfield>
  </datafield>
  <datafield tag="080" ind1=" " ind2=" ">
    <subfield code="a">331.5</subfield>
    <subfield code="x">Mercado de Trabajo. Empleo</subfield>
  </datafield>
  <datafield tag="245" ind1="1" ind2="0">
    <subfield code="a">Pacto mundial para el empleo</subfield>
    <subfield code="p">Estudio nacional. Argentina</subfield>
  </datafield>
  <datafield tag="020" ind1=" " ind2=" ">
    <subfield code="a">978-92-2-325461-2</subfield>
  </datafield>
  <datafield tag="264" ind1=" " ind2="1">
    <subfield code="a">Buenos Aires :</subfield>
    <subfield code="b">OIT</subfield>
    <subfield code="c">2011</subfield>
  </datafield>
  <datafield tag="300" ind1=" " ind2=" ">
    <subfield code="a">95 p.</subfield>
    <subfield code="c">29 cm.</subfield>
  </datafield>
  <datafield tag="505" ind1=" " ind2=" ">
    <subfield code="a">Parte A : S&#xED;ntesis del impacto de la crisis en Argentina : 1. Impacto sobre las principales variables macroecon&#xF3;micas &#x2013; 2. Impacto sobre econom&#xED;a real &#x2013; 3. Impacto sobre el mercado laboral y sobre el empleo &#x2013; 4. Impacto sobre la protecci&#xF3;n social &#x2013; 5. Impacto sobre los salarios y las condiciones de trabajo &#x2013; 6. Impactos sobre las normas laborales, incluida la libertad sindical y el derecho a la negaci&#xF3;n colectiva - - Parte B : Pol&#xED;ticas de respuesta a la crisis y de recuperaci&#xF3;n : 1. Acelerar la creaci&#xF3;n de puestos de trabajos y recuperaci&#xF3;n del empleo y respaldar a las empresas &#x2013; 2. Establecer sistemas de protecci&#xF3;n social y protecci&#xF3;n de las personas &#x2013; 3. Fortalecer el respeto de las normas internacionales del trabajo &#x2013; 4. Dialogo Social : negociar colectivamente, identificar las prioridades, estimular la acci&#xF3;n - - Parte C : Dar forma a una globalizaci&#xF3;n equitativa y sostenible : 1. Coordinaci&#xF3;n, coherencia y cooperaci&#xF3;n de pol&#xED;ticas entre los diferentes ministerios gubernamentales &#x2013; 2. Pol&#xED;ticas que promueven un comercio y un mercado eficiente y bien reglamentado, que redunden en beneficio de todos y eviten el proteccionismo &#x2013; 3. Pol&#xED;ticas que potencien la diversificaci&#xF3;n econ&#xF3;mica, mediante el fortalecimiento de capacidades, para la obtenci&#xF3;n de producci&#xF3;n y servicios con valor a&#xF1;adido que estimulen la demanda tanto interna como externa &#x2013; 4. Un marco nacional regulador y del control del sector financiero, para que este sector sirva a la econom&#xED;a real, promueva las empresas sostenibles y el trabajo decente, y proteja mejor los ahorros y el trabajo de las personas &#x2013; 5. Pol&#xED;ticas que contribuyan a instaurar una protecci&#xF3;n social adecuada para todos, sustentadas en un r&#xE9;gimen b&#xE1;sico de protecci&#xF3;n social (piso social ) que incluya al acceso a la atenci&#xF3;n sanitaria, la seguridad del ingreso para los ancianos y las personas con discapacidad, las prestaciones por hijos a cargo y la seguridad del ingreso, combinada con sistemas p&#xFA;blicos de garant&#xED;a del empleo para los desempleados los trabajadores pobres &#x2013; 6. Pol&#xED;ticas que garanticen que los j&#xF3;venes, tanto mujeres como hombres, tengan educaci&#xF3;n, competencias y oportunidades adecuadas para participar en la econom&#xED;a &#x2013; 7. Pol&#xED;ticas que aborden el empleo informal, en zonas urbanas y rurales, y que promuevan la transici&#xF3;n hacia el empleo formal, con el fin de reducir las desigualdades y promover econom&#xED;as m&#xE1;s incluyentes &#x2013; 8. Pol&#xED;ticas que faciliten la orientaci&#xF3;n de la econom&#xED;a hacia actividades con baja emisi&#xF3;n de carbono y respetuosas del medio ambiente, que ayuden a acelerar la recuperaci&#xF3;n del empleo, reduzcan las brechas sociales, apoyen la realizaci&#xF3;n de los objetivos de desarrollo y hagan realidad el trabajo a lo largo de dicho proceso &#x2013; 9. Medidas pol&#xED;ticas, como el salario m&#xED;nimo, que permitan reducir la pobreza y la desigualdad, incrementen la demanda y contribuyan a dar estabilidad econ&#xF3;mica &#x2013; 10. Estrategias para crear un margen fiscal que permita implantar programas sistem&#xE1;ticos, multidimensionales y con una dotaci&#xF3;n adecuada para crear oportunidades de trabajo decente y empresas sostenibles.</subfield>
  </datafield>
  <datafield tag="041" ind1=" " ind2=" ">
    <subfield code="a">spa</subfield>
  </datafield>
  <datafield tag="942" ind1=" " ind2=" ">
    <subfield code="c">BK</subfield>
  </datafield>
  <datafield tag="590" ind1=" " ind2=" ">
    <subfield code="a">niveau_biblio:m niveau_hierar:0</subfield>
  </datafield>
  <datafield tag="100" ind1="1" ind2=" ">
    <subfield code="a">Organizaci&#xF3;n Internacional del Trabajo (OIT)</subfield>
  </datafield>
  <datafield tag="856" ind1="4" ind2="1">
    <subfield code="u">https://www.biblioeco.unsa.edu.ar/pmb/images/libros/L127065.jpg</subfield>
    <subfield code="y">Imagen de portada</subfield>
    <subfield code="q">image/jpeg</subfield>
  </datafield>
  <datafield tag="999" ind1=" " ind2=" ">
    <subfield code="c">3892</subfield>
    <subfield code="d">3892</subfield>
  </datafield>
  <datafield tag="952" ind1=" " ind2=" ">
    <subfield code="0">0</subfield>
    <subfield code="1">0</subfield>
    <subfield code="4">0</subfield>
    <subfield code="7">0</subfield>
    <subfield code="a">BCEJYS</subfield>
    <subfield code="b">BCEJYS</subfield>
    <subfield code="c">16</subfield>
    <subfield code="d">2026-04-07</subfield>
    <subfield code="l">0</subfield>
    <subfield code="o">331.5 O68p</subfield>
    <subfield code="p">L127065</subfield>
    <subfield code="r">2026-04-07 15:57:25</subfield>
    <subfield code="w">2026-04-07</subfield>
    <subfield code="y">L</subfield>
  </datafield>
</record>
